Эволюция, гравитация, невесомость

গ্রন্থ-পঞ্জীর বিবরন
প্রধান লেখক: Коржуев П. А. Петр Андреевич
ভাষা:রুশ
প্রকাশিত: Москва, Наука, 1971
বিষয়গুলি:
বিন্যাস: গ্রন্থ
KOHA link:https://koha.lib.tpu.ru/cgi-bin/koha/opac-detail.pl?biblionumber=288942

MARC

LEADER 00000nam0a2200000 4500
001 288942
005 20231102000135.0
035 |a (RuTPU)RU\TPU\book\313447 
090 |a 288942 
100 |a 20150330d1971 k y0rusy50 ca 
101 0 |a rus 
102 |a RU 
105 |a a z 001zy 
200 1 |a Эволюция, гравитация, невесомость  |f П. А. Коржуев 
210 |a Москва  |c Наука  |d 1971 
215 |a 152 с.  |c ил. 
320 |a Библиогр.: с. 148-151. 
606 1 |a Эволюция  |2 stltpush  |3 (RuTPU)RU\TPU\subj\26489  |9 50404 
606 1 |a Космическая биология  |2 stltpush  |3 (RuTPU)RU\TPU\subj\15764  |9 41974 
610 1 |a гравитация 
610 1 |a невесомость 
610 1 |a гравитационные силы 
610 1 |a водная среда 
675 |a 575.8  |v 3 
675 |a 574.68  |v 3 
700 1 |a Коржуев  |b П. А.  |g Петр Андреевич 
801 1 |a RU  |b 63413507  |c 20150330 
801 2 |a RU  |b 63413507  |c 20150406  |g RCR 
942 |c BK